000 01047 a2200241 4500
001 19466
005 20260407155500.0
008 260407a1965 arg spa d
003 AR-UNSa-BCEJYS
040 _aAR-UNSa-BCEJYS
_bspa
_cAR-UNSa-BCEJYS
080 _a330.834
_xKeynes y el keynesianismo. Neokeynesianismo. Poskeynesianismo
245 1 0 _aTeoría general de la ocupación, el interés y el dinero
020 _a978-968-16-0415-8
250 _a2a. ed.
264 1 _aMéxico :
_bFondo de Cultura Económica
_c1965
300 _a356 p.
_c21 cm.
505 _a1. Introducción - 2. Definiciones e ideas - 3. La propensión a consumir - 4. El incentivo para invertir - 5. Salarios nominales y precios - 6. Breves consideraciones sugeridas por la teoría general
942 _cBK
590 _aniveau_biblio:m niveau_hierar:0
100 1 _aKeynes, John Maynard
700 1 _aHornedo, Eduardo
856 4 1 _uhttps://encrypted-tbn1.gstatic.com/images?q=tbn:ANd9GcRxREFKt4Bt-l4bnifuH19xzznAbR_gQBbhLyZarAzVuUcqRc8-
_yImagen de portada
_qimage/jpeg
999 _c736
_d736